000 00641nam a22002057a 4500
005 20170321153546.0
010 _aENG-117538
020 _a9789385926204
_c575.00
035 _aEN-101070
037 _bDBAD/PUB
082 _a004
245 _aAdvances in computing,control and communication technology /
_cEdited by R.R.Tewari [and] Abhay Kumar Rai
260 _aNew Delhi
_bAllied Publishers
_c2016
270 _a1/13-14 Asaf Ali Road
_bNew Delhi
_e110002
300 _axi,300p.:
_c24cm(pbk)
_bill.
500 _aincludes index
700 _aTewari R. R.
700 _aRai Abhay Kumar
942 _2ddc
_cEN
_h004
_mADV
999 _c138383
_d138383